| 000 | 00431nam a2200181 a 4500 | ||
|---|---|---|---|
| 001 | 797 | ||
| 003 | CDMR | ||
| 005 | 20131106180820.0 | ||
| 008 | 130130s1987||||||||||||||||||||||||||||d | ||
| 040 |
_aCDMR _bcat _cCDMR |
||
| 110 | 2 |
_aAgencia EFE _9624 |
|
| 245 | 1 | 0 | _aEFE en América |
| 260 |
_aMadrid _c1987 _bEFE |
||
| 300 |
_a247 p _c30 cm |
||
| 610 | 2 |
_9624 _aAgencia EFE |
|
| 650 | 0 | 4 |
_93505 _aPremsa _zAmèrica Llatina |
| 942 |
_cMON _2udc |
||
| 999 |
_c797 _d797 |
||